000
00323 a2200157 4500
001
56731
020
_a
8532248780
040
_c
Anchieta - Pituba
100
_a
Kupstas, Marcia
240
1
0
_a
Sangue veloz
_l
por
245
1
0
_a
Sangue veloz
300
_a
56
362
0
_a
2002
650
4
_a
Literatura juvenil
942
_c
BK
999
_c
56731
_d
56731